01043aab a2200193 i 4500001001000000003001000010005001700020008004100037040001900078041000800097100003600105245004800141300007300189520043100262650001800693773011300711942000800824999001700832768714001CO-MdFUSB20240618062717.0240404t1989 ag ||||| |||| 00| 0 spa d bspacCO-MdFUSB aspa1 aBreneman, Mervin (1930-)eautor14aLos profetas y la ciudadc/ Mervin Breneman aVolumen 8, número 4 (diciembre, 1989), páginas: 21 - 24c; 27 cm aEs fácil hablar contra la injusticia y señalar a los más ricos como culpables. Pero los profetas como Isaías y Amós tuvieron que mostrar a los "buenos israelitas", "buenos creyentes", que éstos eran culpables de quebrantar indirectamente los mandamientos "no matarás" y "no hurtarás" por sus decisiones económicas. Quizá hacían todo "legalmente" pero estaban oprimiendo a sus propios hermanos israelitas. 0aMisiones91540 tIglesia y Misión049402959672gVolumen 8, número 4 (diciembre, 1989), páginas: 21 - 24qpáginas: 21 cANA c51856d51856